Establecimiento de un mecanismo de intercambio de información en bioseguridad - BCH-, así como mecanismos de divulgación y sensibilización del público en bioseguridad (Registro nro. 4817)

Detalles MARC
000 -CABECERA
Campo de control 00632nam a2200181 a 4500
005 - FECHA Y HORA DE LA ULTIMA TRANSACCION
Campo de control 20141128142811.0
008 - ELEMENTOS DE LONGITUD FIJA—INFORMACION GENERAL
Campo de control 140124b2005 ck ||||| |||| 00| 0 spa d
040 ## - FUENTE DE CATALOGACIÓN
Agencia catalogadora original CO-BooIH
Agencia transcriptora CO-BooIH
041 ## - IDIOMA
Código de idioma para texto/pista de sonido o título separado Español
044 ## - PAÍS DE PUBLICACIÓN
País de publicación Colombia
090 ## - CLASIFICACIÓN LOCAL
Colección IAVH
Consecutivo 00203
100 ## - ASIENTO PRINCIPAL--NOMBRE PERSONAL
Nombre personal Rivera de Bustos, Emma Lucia
245 ## - MENCION DE TITULO
Título Establecimiento de un mecanismo de intercambio de información en bioseguridad - BCH-, así como mecanismos de divulgación y sensibilización del público en bioseguridad
Parte restante del título informe final
260 ## - PUBLICACION, DISTRIBUCION, ETC. (PIE DE IMPRENTA)
Lugar de publicación, distribución, etc. Bogotá
Nombre del editor, distribuidor, etc. Instituto Alexander von Humboldt
Fecha de publicación, distribución, etc. 2005
300 ## - DESCRIPCION FISICA
Extensión 314 p.
942 ## - ELEMENTOS ADICIONALES (KOHA)
Tipo de ítem Informe Técnico
Sistema de clasificación Local
945 ## - PROCESAMIENTO LOCAL
AAAA-MM-DD - Fecha de ingreso o modificacion 2005-11-16
Existencias
Withdrawn status Lost status Sistema de Clasificación Damaged status No para préstamo Colección Inventariado Ubicación Permanente Ubicación actual Fecha de adquisición Fuente de Valor Total Checkouts Número topográfico Inventario / Código de Barras Date last seen Ejemplar Price effective from Forma de adquisición Tipo de material Public note
    Local     Humboldt Inventariado 2017 Villa de Leyva Villa de Leyva 16/11/2005 CID Humboldt   IAVH-00203 024367 09/08/2024 Ej. 1 04/12/2012   Informe Técnico Versión 2005
    Local     Humboldt Inventariado 2017 Villa de Leyva Villa de Leyva 22/01/2008 CID Humboldt   IAVH-00450 025678 09/08/2024 Ej. 2 04/12/2012   Informe Técnico Versión 2007